| 000 | 00497nam a22001697a 4500 | ||
|---|---|---|---|
| 999 |
_c6436 _d6436 |
||
| 003 | GBCCL | ||
| 005 | 20241126110603.0 | ||
| 008 | 180514b ||||| |||| 00| 0 eng d | ||
| 040 | _cgbc | ||
| 082 |
_a813.54 _bPRI |
||
| 100 |
_aPritchard, Elizabeth _911534 |
||
| 245 |
_aThe sword of Elisha: _bPeriod: c,850 - 750 B.C. / _cElizabeth Pritchard |
||
| 260 |
_bMasihi Sahitya Sanstha, _aNew Delhi: _c1963 |
||
| 300 |
_a242 p.; _c18 cm. |
||
| 650 |
_aElisha, the Prophet _xFiction _911535 |
||
| 942 |
_2ddc _cBK |
||